| 000 | 00625nam a2200205 a 4500 | ||
|---|---|---|---|
| 001 | 000009931 | ||
| 005 | 20240412074214.0 | ||
| 008 | 091002s2003 dr r 000 p spa d | ||
| 020 | _a9993404187 | ||
| 040 |
_aDO-SdBNP _bspa _cBNPHU |
||
| 082 |
_aRD861.44 _bC987a |
||
| 100 | 1 |
_aCustodio, Roberto _924864 |
|
| 245 | 1 | 0 |
_aAl otro lado de la razón : _bpoemas / _cRoberto Custodio. |
| 260 |
_aConstanza : _bJRG Publicidad, _c2003. |
||
| 300 |
_a77 p. ; _c22 cm. |
||
| 590 | _aInventariado, 2018/BT | ||
| 650 | 0 |
_aPoesía dominicana _966 |
|
| 650 | 0 |
_aLiteratura dominicana. _967 |
|
| 910 | _aValidado. Control de calidad. MMOLINA | ||
| 999 |
_c9690 _d9690 |
||